000
00183 a2200097 4500
020
_a
9780099481768
041
_a
eng
100
_a
Grisham, John
245
_a
The Appeal
942
_c
BK
999
_c
13627
_d
13627